00480 2200181 4500001002100000005001500021008004100036020001800077035001900095041000700114082001000121090001400131100001300145245005900158260003000217300001900247650003200266INLIS00000000001568020241224115000241224||||||||| | ||| |||| || |  a979-439-348-3 0010-1224015680 aid0 a570.7 a570.7 OJO0 aAmir Ojo00aBIOLOGI UNTUK SEKOLAH LANJUTAN TINGKAT PERTAMA KELAS 1 aJakartabARIES IIMAc1995 a193hlm;14x21cm 0aIlmu ilmu tentang kehidupan